Aktuárske výpočty v dôchodkovom poistení

Sprehľadnenie problematiky dôchodkovej reformy v Slovenskej republiky s dôrazom na jednotlivé piliere dôchodkového zabezpečenia z teoretického ako aj z praktického hľadiska. Prehľad základných teórií starobných dôchodkových systémov. Definície a členenie týchto systémov. Analýza kapitalizačného syst...

Descripción completa

Guardado en:
Detalles Bibliográficos
Autor principal: Škrovánková, Lea, 1954-
Otros Autores: Peller, František
Formato: Capítulo de libro
Lenguaje:eslovaco
Materias:
Etiquetas: Agregar Etiqueta
Sin Etiquetas, Sea el primero en etiquetar este registro!

MARC

LEADER 00000naa$a2200000$$$4500
001 0097713
005 20240502072059.2
041 0 |a slo 
044 |a SK 
245 1 0 |a Aktuárske výpočty v dôchodkovom poistení  |c Lea Škrovánková, František Peller 
520 |a Sprehľadnenie problematiky dôchodkovej reformy v Slovenskej republiky s dôrazom na jednotlivé piliere dôchodkového zabezpečenia z teoretického ako aj z praktického hľadiska. Prehľad základných teórií starobných dôchodkových systémov. Definície a členenie týchto systémov. Analýza kapitalizačného systému financovania dôchodkového systému prostredníctvom konkrétneho príkladu metód fondovania (kapitalizácie). 
610 2 0 |a matematika finančná 
610 2 0 |a poistenie dôchodkové 
610 2 0 |a metódy aktuárske 
610 2 0 |a systémy dôchodkové 
610 2 0 |a zabezpečenie sociálne 
610 2 0 |a zabezpečenie dôchodkové 
100 1 |a Škrovánková, Lea, 1954- 
700 1 |a Peller, František